00689nam a2200169Ia 4500008004100000020001300041041000800054082001800062100003900080245014000119250000600259260006100265300001500326650001900341999001900360952014000379210716s2003 xx 000 0 und d a70582335 aeng a005.1331 COHJ aCohoon, James P; Davidson, Jack W. aC++ program design: an introduction to programming and object oriented design.bIntroduction to programming and object oriented design. a3 aNew DelhibTata McGraw Hill Publishing Company Ltdc2003 axxviii,946 aC++ Progamming c186100d186100 001040708MCAaAIMITbAIMITeIntel Book Distributorsg375.00l0o005.1331 COHJpMCA05608r2025-07-21 00:00:00v300.00w2021-07-16yBK